All Players to ever participate in a PDC world darts championship - Statistics

General Stats
  • This quiz has been taken 287 times
    252 since last reset
  • The average score is 84 of 368
Answer Stats
Country Answer % Correct
Australia Beau Anderson
95%
England Bob Anderson
95%
Scotland Gary Anderson
95%
Australia Kyle Anderson
95%
England Phil Taylor
94%
Scotland Peter Wright
92%
England Andy Smith
89%
England Dave Smith
89%
England Dennis Smith
89%
England Michael Smith
89%
England Ross Smith
89%
England Steve Smith
89%
Canada Jeff Smith
88%
New Zealand Bernie Smith
87%
Australia Raymond Smith
87%
Netherlands Michael Van Gerwen
86%
England Adrian Lewis
82%
England James Wade
82%
Wales Jamie Lewis
82%
Australia Simon Whitlock
82%
Canada John Part
81%
Wales Gerwyn Price
80%
Netherlands Raymond Van Barneveld
77%
Singapore Paul Lim
72%
Northern Ireland Daryl Gurney
69%
Northern Ireland Brendan Dolan
66%
Austria Mensur Suljovic
66%
Belgium Kim Huybrechts
65%
Germany Max Hopp
65%
Belgium Ronny Huybrechts
65%
England Dave Chisnall
63%
England Dennis Priestley
63%
England Darren Webster
62%
Wales Mark Webster
62%
South Africa Devon Petersen
60%
Belgium Dimitri Van den Bergh
60%
Canada Gayl King
60%
Germany Martin Schindler
60%
England Mervyn King
60%
Netherlands Vincent Van Der Voort
60%
Spain Carlos Rodriguez
58%
England James Wilson
58%
Scotland Jocky Wilson
58%
Scotland John Henderson
58%
Austria Rowby-John Rodriguez
58%
Canada Dan Olson
57%
Wales Jonny Clayton
57%
England Wayne Mardle
57%
Australia Paul Nicholson
56%
Ireland Shane O'Connor
56%
England Eric Bristow
54%
England Ian White
54%
England John Lowe
54%
England Kevin Painter
53%
England Peter Manley
53%
Scotland Robert Thornton
53%
Netherlands Jelle Klaasen
52%
England Stephen Bunting
52%
England Steve Beaton
52%
England Andy Hamilton
51%
England Andy Jenkins
50%
England Terry Jenkins
50%
England Joe Cullen
49%
England Mark Jones
49%
England Nathan Aspinall
49%
England Wayne Jones
49%
Germany Gabriel Clemens
48%
England Colin Lloyd
47%
England Keegan Brown
47%
England | USA Steve Brown
47%
Poland Krzysztof Ratajski
46%
Spain Cristo Reyes
45%
New Zealand Dave Harrington
45%
Portugal Jose Oliveira de Sousa
45%
England Luke Humphries
45%
England Rod Harrington
45%
Netherlands Co Stompe
44%
England Dale Newton
44%
England Wes Newton
44%
Netherlands Roland Scholten
43%
England Kirk Shepherd
42%
USA Darin Young
41%
England Ricky Evans
41%
Wales Steve Evans
41%
Lithuania Darius Labanauskas
40%
Wales Richie Burnett
40%
USA Scott Burnett
40%
Ireland Steve Lennon
40%
Spain Antonio Alcinas
38%
Netherlands Danny Noppert
38%
Russia Boris Koltsov
37%
England Justin Pipe
37%
USA Larry Butler
37%
Netherlands Jermaine Wattimena
36%
England Mark Dudbridge
36%
England Alan Warriner
35%
England Chris Dobey
35%
Netherlands Jeffrey de Zwaan
35%
Brazil Diogo Portela
33%
Greece John Michael
33%
Finland Marko Kantele
33%
Northern Ireland Michael Mansell
33%
Sweden Daniel Larsson
32%
Philippines Lourence Ilagan
32%
England Paul Williams
32%
England Ronnie Baxter
32%
Hong Kong Royden Lam
32%
England Ryan Searle
32%
Netherlands Benito van de Pas
31%
Australia Corey Cadby
31%
Croatia Boris Krcmar
30%
England Chris Mason
30%
Netherlands Dirk van Duijvenbode
30%
Netherlands Christian Kist
29%
England Denis Ovens
29%
Czech Republic Karel Sedlacek
29%
Japan Seigo Asada
29%
England Colin Monk
28%
England Colin Osborne
27%
England Keith Deller
27%
Denmark Per Laursen
27%
England Andrew Gilding
26%
England Dean Winstanley
26%
Germany Jyhan Artut
26%
Germany Rene Eidams
26%
Austria Zoran Lerchbacher
26%
England Jamie Caven
25%
England Alan Green
24%
Russia Anastasia Dobromyslova
24%
Canada Dave Richardson
24%
England James Richardson
24%
England Robbie Green
24%
England Steve West
24%
England Alan Norris
23%
Wales Barrie Bates
23%
New Zealand Cody Harris
23%
Ireland Mick McGowan
23%
Croatia Robert Marijanovic
23%
England Cliff Lazarenko
22%
England Peter Evison
22%
Russia Aleksandr Oreshkin
21%
Germany Andree Welge
21%
Netherlands Jan Dekker
21%
Germany Kevin Munch
21%
Poland Krzysztof Kciuk
21%
Sweden Magnus Caris
21%
Japan Haruki Muramatsu
20%
USA Bill Davis
19%
USA Dan Lauby
19%
Netherlands Jeffrey De Graaf
19%
Finland Kim Viljanen
19%
Philippines Noel Malicdem
19%
England Ryan Joyce
19%
Germany Tomas Seyler
19%
Ireland Jason Barry
18%
England Mark Walsh
18%
Philippines Christian Perez
17%
Sweden Dennis Nilsson
17%
USA Gary Mawson
17%
Hong Kong Kai Fan Leung
17%
Germany Dragutin Horvat
16%
Japan Morihiro Hashimoto
16%
England Alan Tabern
15%
Gibraltar Dylan Duo
15%
Scotland Jamie Harvey
15%
England Andy Boulton
14%
Scotland Jason Clark
14%
England Matt Clark
14%
Netherlands Ron Meulenkamp
14%
New Zealand Warren Parry
14%
Finland Jarkko Komula
13%
England Kevin McDine
13%
Hungary Nandor Bezzeg
13%
Guyana Norman Madhoo
13%
England Alex Roy
12%
England James Hubbard
12%
Netherlands Jerry Hendriks
12%
Canada Jim Long
12%
England Richard North
12%
New Zealand Warren French
12%
England Adrian Gray
11%
England Al Hedman
11%
England Chris Thompson
11%
England David Pallett
11%
Netherlands Gino Vos
11%
Netherlands Jan van der Rassel
11%
Germany Sascha Stein
11%
England Shayne Burgess
11%
England Steve Farmer
11%
England Steve Hine
11%
England Tony Eccles
11%
South Africa Wynand Havenga
11%
Belgium Erik Clarys
10%
Finland Jani Haavisto
10%
England Joe Murnan
10%
Northern Ireland John MaGowan
10%
England Josh Payne
10%
Northern Ireland Kevin Burness
10%
England Mark Hylton
10%
England Scott Rand
10%
USA Tony Payne
10%
England Ben Ward
9%
Germany Bernd Roith
9%
South Africa Charl Pietersen
9%
England Dave Whitcombe
9%
Austria Dietmar Burger
9%
England Harry Robinson
9%
Japan Keita Ono
9%
England Kevin Spiolek
9%
England Mark Robinson
9%
Hong Kong Scott MacKenzie
9%
England Stuart Kellett
9%
Guyana Sudesh Fitzgerald
9%
China Sun Qiang
9%
England Dave Askew
8%
England Jimmy Mann
8%
Canada Ken Woods
8%
England Les Fitton
8%
Germany Michael Rosenauer
8%
New Zealand Rob Szabo
8%
Australia Sean Reed
8%
Thailand Thanawat Gaweenuntawong
8%
Hong Kong Alex Hon
7%
South Africa Charles Losper
7%
Ireland Connie Finnan
7%
Australia Gordon Mathers
7%
England Lionel Sams
7%
England Mark Frost
7%
England Nigel Heydon
7%
England Peter Hudson
7%
England Richie Gardner
7%
England Simon Stevenson
7%
Wales Steve Alker
7%
Ireland Tom Kirby
7%
Netherlands Toon Greebe
7%
Austria Anton Pein
6%
United States Chuck Puleo
6%
USA Dave Kelly
6%
England David Platt
6%
Austria Hannes Schnier
6%
England John Bowles
6%
Spain Julio Barbero
6%
England Michael Barnard
6%
Serbia Olivier Ferenc
6%
Australia Russell Stewart
6%
China Shi Yongsheng
6%
England Steve Maish
6%
Croatia Alan Ljubic
5%
Northern Ireland Colin McGarry
5%
USA Gerald Verrier
5%
Belgium Kurt van de Rijck
5%
China Liu Cheng
5%
England Mark Stephenson
5%
Austria Michael Rasztovits
5%
Malaysia Mohd Latif Sapup
5%
England Steve Raw
5%
Barbados Anthony Forde
4%
Australia Geoff Kime
4%
Philippines Gilbert Ulang
4%
England Graeme Stoddart
4%
Scotland Jason Hogg
4%
USA Jerry Umberger
4%
USA John Ferrell
4%
Australia John Weber
4%
Canada Ken MacNeil
4%
Netherlands Mareno Michels
4%
England Mark Holden
4%
England Mark Thomson
4%
England Nick Fullwell
4%
England Nigel Justice
4%
England Peter Jacques
4%
Finland Petri Korte
4%
Netherlands Remco van Eijden
4%
England Tony Ayres
4%
Finland Veijo Viinikka
4%
England Alan Caves
3%
Ireland Aodhagan O'Neill
3%
Netherlands Braulio Roncero
3%
Northern Ireland Felix McBrearty
3%
USA Jim Watkins
3%
Netherlands Josephus Schenk
3%
New Zealand Koha Kokiri
3%
Australia Laurence Ryder
3%
Hong Kong Leung Chen Nam
3%
Japan Masumi Chino
3%
England Matt Padgett
3%
England Mick Manning
3%
Australia Mitchell Clegg
3%
Belgium Patrick Bulen
3%
New Zealand Phillip Hazel
3%
USA Ray Carver
3%
Netherlands Rico Vonck
3%
Canada Ron Miller
3%
Canada Ross Snook
3%
USA Scott Kirchner
3%
USA Sean Downs
3%
England Simon Whatley
3%
England Steve Grubb
3%
Netherlands Sven Groen
3%
South Africa Warrick Scheffer
3%
Philippines Alex Tagarao
2%
Australia Anthony Fleet
2%
Netherlands Arjan Moen
2%
India Ashfaque Sayed
2%
England Dave Ladley
2%
Netherlands Erwin Extercatte
2%
Spain Francisco Ruiz
2%
England Gary Welding
2%
Canada Gerry Convery
2%
England Ian Moss
2%
Philippines Juanito Gionzon
2%
England Kevin Burrows
2%
England Kevin Simm
2%
South Africa Les Francis
2%
England Mark Lawrence
2%
South Africa Nolan Arendse
2%
Slovenia Osmann Kijamet
2%
England Paul Barham
2%
New Zealand Preston Ridd
2%
England Reg Harding
2%
Russia Roman Konchikov
2%
England Scott Cummings
2%
Australia Shane Tichowitsch
2%
China Tang Jun
2%
Malaysia Tengku Shah
2%
Wales Wayne Atwood
2%
USA Willard Bruguier
2%
Netherlands Yordi Meeuwisse
2%
New Zealand Alan Bolton
1%
Wales Alan Reynolds
1%
Scotland Alex MacKay
1%
Australia Barry Juannet
1%
Canada Brian Cyr
1%
Australia Brian Roach
1%
England Dave Honey
1%
England Dave Jowett
1%
England Dean Allsopp
1%
Denmark Dennis Lindskjold
1%
England Gary Spedding
1%
Northern Ireland Geoff Wylie
1%
England Ian Branks
1%
USA John Kuczynski
1%
England Johnny Haines
1%
Canada John Verwey
1%
Malaysia Lee Choon Peng
1%
England Lee Palfreyman
1%
Netherlands Leroy Kwadijik
1%
New Zealand Mark McGrath
1%
Wales Mark Salmon
1%
England Matt Chapman
1%
Czech Republic Miloslav Navratil
1%
England Ritchie Buckle
1%
England Robbie Widdows
1%
Netherlands Ryan De Vreede
1%
Australia Steve MacArthur
1%
New Zealand Tahuna Irwin
1%
Japan Tetsuya Wada
1%
Barbados Winston Cadogan
1%
Japan Yasuhiko Matsunaga
1%
Japan Akihiro Nagawaka
0%
England Henry O'Neill
0%
England Mark Landers
0%
England Martin Burchell
0%
Philippines Rizal Barellano
0%
Canada Rory Orvis
0%
Japan Toru Sano
0%
No matching quizzes found
Score Distribution
Percent of People with Each Score
Percentile by Number Answered
Your Score History
You have not taken this quiz since the last reset